Statistics for Crazy in Love -Sofia Karlberg lyrics

Click here to take the quiz!

General Stats

  • This quiz has been taken 91 times
  • The average score is 166 of 215

Answer Stats

Answer% Correct
i
97%
crazy
97%
in
95%
love
93%
so
93%
your
93%
you
93%
me
92%
go
92%
to
90%
no
88%
look
88%
got
88%
a
86%
right
85%
now
83%
i'm
83%
and
81%
deep
81%
eyes
81%
the
81%
touch
81%
when
81%
do
80%
looking
80%
on
78%
not
76%
begging
75%
one
75%
my
75%
row
75%
he
73%
leave
73%
times
73%
don't
73%
three
73%
call
73%
is
73%
can
71%
else
71%
two
71%
name
71%
more
69%
know
69%
how
69%
everytime
68%
what
68%
stare
68%
for
66%
explain
66%
funny
66%
thing
66%
understand
64%
just
64%
such
64%
way
63%
try
63%
love's
63%
friends
61%
new
61%
it's
61%
that
61%
dress
61%
feeling
61%
blame
59%
done
59%
heart
59%
talk
58%
think
58%
need
58%
buy
58%
at
58%
nobody
56%
with
56%
pride
56%
you've
56%
save
56%
impress
56%
even
56%
beat
54%
but
54%
still
54%
who
54%
quietly
54%
hoping
54%
shoes
53%
ain't
51%
skips
49%
cause
47%
thought
47%
yeah
47%
tennis
47%
here
46%
page
41%
kiss's
31%

Score Distribution

Percentile by Number Answered

Percent of People with Each Score

Your Score History

You have not taken this quiz